Bagaces: Estado y condición de la vivienda
Kaydedildi:
| Müşterek Yazar: | |
|---|---|
| Materyal Türü: | Metin |
| Baskı/Yayın Bilgisi: |
San José:
El Instituto
|
| Etiketler: |
Etiketle
Etiket eklenmemiş, İlk siz ekleyin!
|
MARC
| LEADER | 00000 a a2200000 04500 | ||
|---|---|---|---|
| 001 | 16973 | ||
| 003 | |||
| 040 | |||
| 090 | |a EXTRAVIADO | ||
| 110 | |a Instituto de Fomento y Asesoría Municipal (Costa Rica) | ||
| 245 | |a Bagaces: Estado y condición de la vivienda | ||
| 260 | |a San José: |b El Instituto | ||
| 300 | |a 12 p. | ||
| 999 | |c 11726 |d 11726 | ||
